Open letter on globalisation <the> debate
Gespeichert in:
| Format: | Buch |
|---|---|
| Sprache: | Englisch |
| Veröffentlicht: |
Prime Minister's Office
2001
|
| Schlagworte: | |
| Tags: |
Keine Tags, Fügen Sie das erste Tag hinzu!
|
MARC
| LEADER | 00000nam a2200000 4500 | ||
|---|---|---|---|
| 001 | c133011 | ||
| 005 | 20221221091259.4 | ||
| 041 | 0 | |a eng | |
| 044 | |a BE | ||
| 245 | 1 | 0 | |a Open letter on globalisation |b <the> debate |
| 264 | 1 | |b Prime Minister's Office |c 2001 | |
| 300 | |a 265 s. | ||
| 610 | 2 | 0 | |a globalizácia |
| 610 | 2 | 0 | |a globalizácia hospodárstva |
| 610 | 2 | 0 | |a vláda |
| 610 | 2 | 0 | |a organizácie ekonomické medzinárodné |
| 610 | 2 | 0 | |a organizácie medzinárodné |
| 610 | 2 | 0 | |a občania |
| 610 | 2 | 0 | |a svet |